000 00484nam a22001937a 4500
003 MPLRDC
005 20220104154624.0
008 210129b ||||| |||| 00| 0 eng d
020 _a986-7677-94-3
082 _a192.1 WGH-2
100 _a王国华
245 _a总裁学厚黑学之做人圆滑, 做事狡猾
_c
250 _a初版
260 _a台湾
_b普天出版社
_c2004
300 _b
490 _a王国华书房
650 _a修身
942 _cBK
_o192.1 WGH-2
999 _c54079
_d54069